| 000 | 00784nam a2200241 i 4500 | ||
|---|---|---|---|
| 001 | bg | ||
| 100 | 1 | _aSIUDEK, Tomasz | |
| 245 | 1 | 0 |
_aAnaliza finansowa podmiotów gospodarczych / _cTomasz Siudek. |
| 260 |
_aWarszawa : _bWydaw. SGGW [Szkoły Głównej Gospodarstwa Wiejskiego], _c2004. |
||
| 300 |
_a238 s. : _btab., wykr. ; _c24 cm. |
||
| 504 | _aBibliogr. przy rozdz. | ||
| 650 | 9 |
_aFinanse _xsprawozdawczość |
|
| 655 | _aPodręczniki akademickie | ||
| 015 | _aPB 21767/2004 | ||
| 020 | _a8372445273 | ||
| 040 | _cBPK | ||
| 041 | 0 | _apol | |
| 080 | _a657:658.14/.17](075.8) | ||
| 920 | _a83-7244-527-3 | ||
| 942 | _cKS | ||
| 008 | s pl f |000 0 pol | ||
| 999 |
_c46963 _d46963 |
||
| 856 |
_uhttp://koha.tu.koszalin.pl/cgi-bin/koha/opac-detail.pl?biblionumber=46963 _yKatalog online BPK |
||